Development of MoO3/NiO Composite as an Electrode for Supercapacitor / (Record no. 615532)

000 -LEADER
fixed length control field 00472nam a22001577a 4500
082 ## - DEWEY DECIMAL CLASSIFICATION NUMBER
Classification number 621.11
Author Mark ANS
100 ## - MAIN ENTRY--PERSONAL NAME
Personal name Ansar, Amina (362708)
245 ## - TITLE STATEMENT
Title Development of MoO3/NiO Composite as an Electrode for Supercapacitor /
264 ## - PRODUCTION, PUBLICATION, DISTRIBUTION, MANUFACTURE, AND COPYRIGHT NOTICE
Place of production, publication, distribution, manufacture Islamabad :
Name of producer, publisher, distributor, manufacturer USPCAS-E, NUST
Date of production, publication, distribution, manufacture, or copyright notice August, 2025
300 ## - PHYSICAL DESCRIPTION
Extent xii, 47 p.
Accompanying material +CD
520 ## - SUMMARY, ETC.
Summary, etc. TH-659
650 ## - SUBJECT ADDED ENTRY--TOPICAL TERM
Topical term or geographic name entry element MS ESE Thesis
650 ## - SUBJECT ADDED ENTRY--TOPICAL TERM
Topical term or geographic name entry element MS Thesis
700 ## - ADDED ENTRY--PERSONAL NAME
Personal name Supervisor: Dr Mustafa Anwar
942 ## - ADDED ENTRY ELEMENTS (KOHA)
Source of classification or shelving scheme
Koha item type Thesis
Holdings
Withdrawn status Permanent Location Current Location Date acquired Full call number Barcode Koha item type
  US-Pakistan Center for Advanced Studies in Energy (USPCAS-E) US-Pakistan Center for Advanced Studies in Energy (USPCAS-E) 12/16/2025 621.11 ANS CAS-ETH0000659 Thesis
© 2023 Central Library, National University of Sciences and Technology. All Rights Reserved.